| 000 | 00419nam a2200133Ia 4500 | ||
|---|---|---|---|
| 008 | 220216s9999 xx 000 0 und d | ||
| 100 | _aNair N U | ||
| 245 | 0 | _aClonal variations in lutoid stability, B-serum activity and C-serum activity in Hevea brasiliensis | |
| 260 |
_bInternational Rubber Conference, India, 1980 _c1980 |
||
| 700 | _aMathew S | ||
| 700 | _aSethuraj M R | ||
| 700 | _aSulochanamma S | ||
| 942 | _cJS | ||
| 999 |
_c55751 _d55751 |
||